Hỏi đáp về thâm canh, xen canh tăng thu hoạch

में बचाया:
ग्रंथसूची विवरण
स्वरूप: पुस्तक
भाषा:Undetermined
प्रकाशित: Thanh Hoá Thanh Hoá 2002
विषय:
टैग : टैग जोड़ें
कोई टैग नहीं, इस रिकॉर्ड को टैग करने वाले पहले व्यक्ति बनें!
Thư viện lưu trữ: Trung tâm Học liệu Trường Đại học Cần Thơ
LEADER 00434nam a2200157Ia 4500
001 CTU_53864
008 210402s9999 xx 000 0 und d
020 |b 19000 
082 |a 630 
082 |b H428 
245 0 |a Hỏi đáp về thâm canh, xen canh tăng thu hoạch 
260 |a Thanh Hoá 
260 |b Thanh Hoá 
260 |c 2002 
650 |a cropping systems 
980 |a Trung tâm Học liệu Trường Đại học Cần Thơ